| 000 | 00848nam a2200253Ia 4500 | ||
|---|---|---|---|
| 003 | IN-BaIIA | ||
| 008 | 211028s9999 xx s 000 0 eng d | ||
| 020 | _a978-3-642-18100-9 (Print) | ||
| 020 | _a978-3-642-18101-6 (Online) | ||
| 022 | _a1867-8440 (Print) | ||
| 022 | _a1867-8459 (Online) | ||
| 040 | _cIIA Library | ||
| 100 |
_aPetras, Ivo _938846 |
||
| 245 | 0 |
_aFractional-Order Nonlinear Systems _h[eBook] |
|
| 260 |
_aHeidelberg, Berlin _bSpringer Berlin Heidelberg _c2011 |
||
| 300 | _aOnline resource | ||
| 490 | _aNonlinear Physical Science | ||
| 650 | _a Applications of Nonlinear Dynamics and Chaos Theory | ||
| 650 |
_a Control _94975 |
||
| 650 |
_a Dynamical Systems and Ergodic Theory _938506 |
||
| 650 |
_aEngineering _981 |
||
| 856 |
_uhttp://doi.org/10.1007/978-3-642-18101-6 _yClick Here to Access eBook |
||
| 942 | _cEB | ||
| 999 |
_c20931 _d20931 |
||